Datum a čas kvízu
22
Celkem bodů
Celkový počet nahraných bodů na tomto kvízu bez doplňovacích otázek.
6.
Pořadí na kvízu
Konečné umístění týmu na tomto kvízu.
Zaznamenané odpovědi
| # | Otázka | Odpověď | Body | Výsledky |
|---|---|---|---|---|
| 1. | Od pondělí do čtvrtka brázdila... | Formule 1 | 1 | |
| 2. | Společnost Air Baltic spustila... | Kunda | 1 | |
| 3. | Který známý americký influence... | Jake Paul | 1 | |
| 4. | V pondělí prohlásila polská sp... | CZC.cz | 0 | |
| 5. | 21letá Andrea Klementová z Tře... | přeplavala kanál La Manche | 0 | |
| 6. | Ve kterém americkém filmu z ro... | Ladíme! (Pitch Perfect) | 1 | |
| 7. | Francouzská hudební komedie s... | Piti Piti Pa | 0 | |
| 8. | Animovaný hudební film Alvin a... | Simon a Theodor | 1 | |
| 9. | Horečka sobotní noci se pojí s... | Bee Gees | 0 | |
| 10. | Který hudební film s Karlem Go... | Hvězda padá vzhůru | 0 |